000 00229nam a2200121Ia 4500
100 _a#N/A
942 _cBK
245 _aA Course in Listening & Speaking
260 _b#N/A
082 _b21634
546 _aENGLISH
999 _c22928
_d22928